000 00590cam a2200145 4500500
005 20260111085411.0
041 _afre
042 _adc
100 1 0 _aVallin, Pierre
_eauthor
245 0 0 _aGuy Coq (dir.), Emmanuel Mounier , L’actualité d’un grand témoin. Actes du Colloque tenu à l’Unesco (5-6 octobre 2000), vol. 1, Parole et Silence, 2003, 278 pages, 21 €
260 _c2004.
500 _a43
786 0 _nÉtudes | 400 | 2 | 2004-02-01 | p. XXXIII-XXXIII | 0014-1941
856 4 1 _uhttps://shs.cairn.info/revue-etudes-2004-2-page-XXXIII?lang=fr&redirect-ssocas=7080
999 _c1618149
_d1618149